000 00409nam a22001697a 4500
003 NUST - PNEC
005 20170116180930.0
008 150905b xxu||||| |||| 00| 0 eng d
020 _a9780070647916
020 _a0070647917
040 _cLIBRARY
082 _a621.31 KOT
100 _98227
_aKothari, D. P
245 _aPower system engineering.
_c D. P. Kothari
250 _a2nd ed.
942 _2ddc
_cBK
999 _c65898
_d65898